| 000 | 00000nam##2200000za#4500 |
| 001 | 9.661240 |
| 003 | CaOODSP |
| 005 | 20200401063922 |
| 007 | ta |
| 008 | 150407|1999||||xxc||||| f|0| 0 fre|d |
| 020 | |a0-662-64416-6 |
| 040 | |aCaOODSP|bfre |
| 041 | |aeng |
| 041 | |afre |
| 043 | |an-cn--- |
| 086 | 1 |aC114-2/1999 |
| 110 | 1 |aCanada.|bIndustrie Canada. |bSpectre, Technologies de l'Information et Télécommunications. Directions générale des applications de l'autoroute de l'information. |
| 245 | 10|aCyberjeunes Canada international : |bstages à l'étranger en technologies de l'information et des communications |
| 260 | |aOttawa - Ontario : |bIndustrie Canada. |c1999. |
| 546 | |aBilingue |
| 563 | |aDépliant |
| 590 | |a99-34|b1999-08-27 |
| 691 | 07|aJeune adulte|2gcpds |
| 691 | 07|aTechnologie de l'information|2gcpds |
| 691 | 07|aEmploi à l'étranger|2gcpds |
| 791 | |tNetCorps Canada International : |eeng|w(CaOODSP)9.661239 |